Segunda memoria que el Contra-Almirante d. Patricio Lynch, General en Jefe del Ejército de Operaciones en el Norte del Perú, presenta al Supremo Gobierno de Chile, 1883
Salvato in:
| Autore principale: | |
|---|---|
| Natura: | Libro |
| Lingua: | spagnolo |
| Pubblicazione: |
Santiago
Los Héroes Olvidados
2014
|
| Soggetti: | |
| Tags: |
Aggiungi Tag
Nessun Tag, puoi essere il primo ad aggiungerne!!
|
MARC
| LEADER | 00000cam a2200000 a 4500 | ||
|---|---|---|---|
| 001 | UCE2379 | ||
| 003 | CL-VaPUC | ||
| 005 | 20210610135048.0 | ||
| 008 | 140703e20140000cl |||||||||||||||||spa|d | ||
| 999 | |c 355983 |d 355981 | ||
| 040 | |c Pontificia Universidad Católica de Valparaíso | ||
| 082 | 0 | 4 | |a 983 |b LYN |2 21 |
| 100 | |a Lynch, Patricio |e autor |9 861354 | ||
| 245 | 1 | 0 | |a Segunda memoria que el Contra-Almirante d. Patricio Lynch, General en Jefe del Ejército de Operaciones en el Norte del Perú, presenta al Supremo Gobierno de Chile, 1883 |
| 260 | |a Santiago |b Los Héroes Olvidados |c 2014 | ||
| 300 | |a t | ||
| 500 | |a Transcripción: Mauricio Pelayo González | ||
| 500 | |a Edición original: Imprenta de La Merced, Peter Bacigalupi y C., Lima, Perú, 1883 | ||
| 500 | |a t.1: Corresponde a toda la información de 1882 | ||
| 583 | |a last modification |c 20140703 14:09:00 |k Rodrigo Vera | ||
| 650 | 0 | |a Historia de Chile |9 265473 | |
| 650 | 7 | |a MEMORIAS |2 CL-VaPUC |9 269159 | |
| 650 | 7 | |a MEMORIAS MILITARES |2 CL-VaPUC |9 504195 | |
| 942 | |c BK |2 ddc | ||
| 945 | |d 20140703 14:09:00 |a cmena | ||
| 952 | |0 0 |1 0 |3 erd |4 0 |6 983_000000000000000_LYN_2014 |7 0 |8 A |9 463048 |a BIBDER |b BIBDER |h t.1 |i 508847K |o 983 LYN 2014 |p 508847K |r 2023-01-25 |w 2019-11-23 |y BK |z Catalogado en:20140703 |k DER | ||